La merope (Record no. 8555)
[ view plain ]
| 000 -CABECERA | |
|---|---|
| campo de control de longitud fija | 01087nam a2200229 a 4500 |
| 001 - NÚMERO DE CONTROL | |
| campo de control | BRCA_8904 |
| 005 - FECHA Y HORA DE LA ÚLTIMA TRANSACCIÓN | |
| campo de control | 20190320210443.0 |
| 008 - DATOS DE LONGITUD FIJA--INFORMACIÓN GENERAL | |
| campo de control de longitud fija | 160617s1747----it-#######---#000-0#ita-# |
| 041 ## - CÓDIGO DE LENGUA | |
| Código de lengua del texto/banda sonora o título independiente | ita |
| 044 ## - CÓDIGO DEL PAÍS DE LA ENTIDAD EDITORA/PRODUCTORA | |
| Código MARC del país | it |
| 084 ## - OTRO NÚMERO DE CLASIFICACIÓN | |
| Número de clasificación | CO99 |
| Número de documento/Ítem | .M34 1747 |
| 100 1# - ENTRADA PRINCIPAL--NOMBRE DE PERSONA | |
| Nombre de persona | Maffei, Scipione |
| Fechas asociadas al nombre | 1675-1755 |
| 9 (RLIN) | 22147 |
| 245 10 - MENCIÓN DE TÍTULO | |
| Título | La merope |
| Resto del título | tragedia |
| Mención de responsabilidad, etc. | del signor Marchese Scipione Maffei gusta la prima ediciones di moderna del 1713; Con la varie lezioni, trate dalle due ultime Edizioni di Verona; insieme con alcune Operete, colle quali critica, si disende, e ilustra la decta tragedia; Compillate, e raccolte per D. Vicenzo Cavallucci Perugino, e dedícate al sereniss. príncipe, Pietro Grimani, doge di Veneza. |
| 260 ## - PUBLICACIÓN, DISTRIBUCIÓN, ETC. | |
| Lugar de publicación, distribución, etc. | In Venezia |
| Nombre del editor, distribuidor, etc. | Appresso Pietro Bassaglia |
| Fecha de publicación, distribución, etc. | 1747 |
| 300 ## - DESCRIPCIÓN FÍSICA | |
| Extensión | 313 p. |
| Dimensiones | 23.6 x 16.8 cm |
| 500 ## - NOTA GENERAL | |
| Nota general | Con licenza de superiori, e privilegio |
| 500 ## - NOTA GENERAL | |
| Nota general | Estado físico: presenta encuadernación en pergamino, carece de cintas y con presencia del pez de plata |
| 700 1# - PUNTO DE ACCESO ADICIONAL--NOMBRE DE PERSONA | |
| Nombre de persona | Cavalluci Perugino, Vicenzo |
| 9 (RLIN) | 22148 |
| 700 1# - PUNTO DE ACCESO ADICIONAL--NOMBRE DE PERSONA | |
| Nombre de persona | Pietro Grimani |
| 9 (RLIN) | 22149 |
| 902 ## - CATALOGADOR | |
| Iniciales | CFM |
| 942 ## - ELEMENTOS DE PUNTO DE ACCESO ADICIONAL (KOHA) | |
| Fuente del sistema de clasificación o colocación | Library of Congress Classification |
| Tipo de ítem Koha | Libros |
| Estado de retiro | Estado de pérdida | Estado dañado | No para préstamo | Localización permanente | Ubicación/localización actual | Fecha de adquisición | Total de préstamos | Signatura topográfica completa | Código de barras | Fecha visto por última vez | Precio válido a partir de | Tipo de ítem Koha |
|---|---|---|---|---|---|---|---|---|---|---|---|---|
| El ejemplar forma parte de la colección y puede ser consultado según las políticas vigentes. | Biblioteca del Museo Franz Mayer (Rogerio Casas-Alatriste) | Biblioteca del Museo Franz Mayer (Rogerio Casas-Alatriste) | 16/06/2017 | CO99 .M34 1747 | CFM00227 | 22/03/2019 | 22/03/2019 | Libros |